[Event "Metz op"]
[Site "Metz"]
[Date "1998.04.10"]
[Round "6"]
[White "Dumitrescu, Dragos"]
[Black "Carrasco, Patrick"]
[Result "1-0"]
[WhiteElo "2400"]
[BlackElo "2155"]

1.d4 Nf6 2.Bg5 Ne4 3.Bh4 g5 4.f3 gxh4 5.fxe4 c5 6.e3 Bh6 7.Kf2 Qb6 8.Nc3 cxd4
9.Qxd4 Qxd4 10.exd4 Bg7 11.Nf3 Nc6 12.Nd5 O-O 13.c3 e6 14.Ne3 b6 15.Nxh4 Bb7
16.Bd3 Ne7 17.Rhf1 d5 18.e5 f6 19.exf6 Bxf6 20.Nf3 e5 21.dxe5 Bxe5 22.Kg1 Bf4
23.Rae1 Ng6 24.Nf5 Rae8 25.N3d4 Bc8 26.g3 Ne5 27.Bb5 Bd2 28.Re2 Nf3+ 29.Rxf3  1-0

[Event "Dreifluesse op"]
[Site "Passau"]
[Date "1998.04.11"]
[Round "3"]
[White "Ennsberger, Ulrich"]
[Black "Kaiser, Wolfgang"]
[Result "1/2-1/2"]
[WhiteElo "2222"]
[BlackElo "2400"]

1.d4 Nf6 2.Bg5 Ne4 3.h4 c5 4.d5 g6 5.Nd2 Nxg5 6.hxg5 Bg7 7.c3 d6 8.e4 h6
9.Ngf3 Nd7 10.Bd3 a6 11.a4 hxg5 12.Rxh8+ Bxh8 13.Nxg5 Bf6 14.Ndf3 Rb8  1/2-1/2

[Event "Dreifluesse op"]
[Site "Passau"]
[Date "1998.04.12"]
[Round "6"]
[White "Jehnichen, Guenther"]
[Black "Kaufmann, Gunther"]
[Result "1-0"]
[WhiteElo "1922"]
[BlackElo "1665"]

1.d4 Nf6 2.Bg5 Ne4 3.Bf4 e6 4.Nf3 d5 5.Nbd2 Bd6 6.Bg3 Nxg3 7.hxg3 Nc6 8.e4 dxe4
9.Nxe4 Be7 10.c3 Qd5 11.Nfd2 b6 12.Bc4 Qd7 13.Nf3 Bb7 14.Qe2 h6 15.O-O-O O-O-O
16.Bb5 Qd5 17.Bc4 Qf5 18.Nfd2 Na5 19.g4 Qg6 20.Bd3 f5 21.gxf5 exf5 22.Ng3 Qf7
23.Bxf5+ Kb8 24.Be6 Qg6 25.d5 Bg5 26.c4 Ba6 27.b3 Rhe8 28.Ne4 c6 29.Nxg5 Qxg5
30.Qe4 cxd5 31.cxd5 Qf6 32.Kb1 Bb7 33.Nc4 Nxc4 34.bxc4 Qxf2 35.Rhe1 Qc5 36.Rd2 Qb4+
37.Rb2 Qc3 38.Re3 Qf6 39.Rf3 Qg5 40.Qf4+ Qxf4 41.Rxf4 Rf8 42.Rbf2 Rxf4 43.Rxf4 b5
44.Kb2 g5 45.Rf5 bxc4 46.Kc3 Ba6 47.g4 Kc7 48.Kd4 c3 49.Kxc3 Be2 50.Kd4 Rb8
51.Rf7+ Kd8  1-0

[Event "GRE-chT"]
[Site "Poros"]
[Date "1998.04.24"]
[Round "6"]
[White "Miladinovic, Igor"]
[Black "Gelashvili, Tamaz"]
[Result "1/2-1/2"]
[WhiteElo "2565"]
[BlackElo "2445"]

1.d4 Nf6 2.Bg5 Ne4 3.Bf4 c5 4.dxc5 Qa5+ 5.Nd2 Nxc5 6.c3 Ne6 7.Bg3 Nc6 8.e4 d6
9.Ngf3 g6 10.e5 dxe5 11.Nc4 Qd8 12.Nfxe5 Qxd1+ 13.Rxd1 Ned8 14.Ne3 Bg7 15.Nxc6 bxc6
16.Bc7 Ne6 17.Ba5 Rb8 18.Bb4 h5 19.Be2 Bf6 20.O-O O-O 21.Ba3 Rd8 22.g3 Kf8
23.f4 Rxd1 24.Rxd1 Ke8 25.Bf3 Bd7 26.Nc4 Rb5 27.h4 Nd8 28.Nd2 Be6 29.Be2 Rd5
30.Kf2 Rd7 31.Ke1 Bxa2 32.c4 Rb7 33.Ra1 Bb3 34.Ne4 Ne6 35.Nxf6+ exf6 36.Kd2 f5
37.Kc3 a5 38.Bd6 a4 39.Bf3 Kd7 40.Ba3 Rb8 41.Re1 Kc7  1/2-1/2

[Event "GRE-chT"]
[Site "Poros"]
[Date "1998.04.24"]
[Round "7"]
[White "Botsari Miladinovic, Anna Maria"]
[Black "Nikolaidis, Konstantinos"]
[Result "0-1"]
[WhiteElo "2325"]
[BlackElo "2350"]

1.d4 Nf6 2.Bg5 Ne4 3.h4 c5 4.dxc5 Qa5+ 5.Nd2 Nxg5 6.hxg5 g6 7.Rh4 Nc6 8.Rc4 Ne5
9.Re4 Qxc5 10.Nb3 Qc7 11.Nh3 Bg7 12.Nf4 e6 13.c3 d5 14.Re3 O-O 15.Qc1 a5
16.g3 Qd8 17.Nh3 Nc4 18.Rd3 Qb6 19.Rb1 Bd7 20.Bg2 Bb5 21.Rd1 Rfd8 22.Kf1 Rac8
23.Kg1 Ba4 24.e3 Bxb3 25.axb3 Qxb3 26.Nf4 a4 27.Ne2 Qb5 28.Bf1 Qe8 29.Bg2 Qe7
30.e4 dxe4 31.Bxe4 b5 32.b3 Rxd1+ 33.Qxd1 Rd8 34.Nd4 axb3 35.Rxb3 e5 36.Rxb5 exd4
37.Bd5 dxc3 38.Qb3 Nd2 39.Qd1 h5 40.gxh6 Bxh6 41.Qg4 Qe1+ 42.Kg2 Qf1+ 43.Kh2 Qxf2+
44.Kh3 Qf5 45.Bxf7+ Qxf7 46.Rb6 Qf1+ 47.Kh4 Nf3+ 48.Qxf3 Qxf3 49.Rxg6+ Kh7  0-1

[Event "FRA-chT"]
[Site "FRA"]
[Date "1998.05.08"]
[Round "8"]
[White "Neiman, Emmanuel"]
[Black "Van Wely, Loek"]
[Result "0-1"]
[WhiteElo "2305"]
[BlackElo "2605"]

1.d4 Nf6 2.Bg5 Ne4 3.Bf4 c5 4.d5 Qb6 5.Bc1 e6 6.f3 Nf6 7.c4 d6 8.Nc3 exd5
9.cxd5 g6 10.e4 Bg7 11.Nge2 O-O 12.Ng3 Nbd7 13.Be2 a6 14.O-O c4+ 15.Kh1 Qc7
16.Be3 h5 17.Kg1 b5 18.Rc1 Nc5 19.b4 cxb3 20.axb3 h4 21.Nh1 Qa5 22.Bxc5 dxc5
23.e5 Nh5 24.f4 Nxf4 25.Rxf4 Bxe5 26.Qd2 Bxf4 27.Qxf4 Bf5 28.Qxh4 Qb4 29.Qh6 Qd4+
30.Nf2 Rae8 31.g4 Bd7 32.Kf1 b4 33.Ncd1 Rxe2 34.Kxe2 Re8+ 35.Kf1 Bb5+ 36.Rc4 Bxc4+
37.bxc4 Qxc4+ 38.Kg2 Qxd5+ 39.Kf1 c4 40.g5 c3  0-1

[Event "FRA-chT"]
[Site "FRA"]
[Date "1998.05.08"]
[Round "8"]
[White "Hauchard, Arnaud"]
[Black "Bacrot, Etienne"]
[Result "1-0"]
[WhiteElo "2480"]
[BlackElo "2565"]

1.d4 Nf6 2.Bg5 Ne4 3.Bf4 c5 4.f3 Nf6 5.dxc5 Na6 6.e4 Nxc5 7.Nc3 d6 8.Qd2 Be6
9.Nge2 a6 10.Nd4 Bd7 11.Nb3 Na4 12.Nxa4 Bxa4 13.Be2 g6 14.O-O Bg7 15.Bh6 O-O
16.Bxg7 Kxg7 17.Qd4 Bc6 18.e5 dxe5 19.Qxe5 Qd5 20.Qxd5 Nxd5 21.Na5 Rac8 22.Rfd1 Ne3
23.Rd2 Bb5 24.Bxb5 axb5 25.c3 Rc7 26.Kf2 Nf5 27.Nb3 Ra8 28.Nd4 Nd6 29.a3 Kf6
30.Re2 Rd8 31.Rae1 Ra8 32.f4 h5 33.Re5 Ra5 34.R1e2 Rd7 35.Kf3 Nc4 36.Rxb5 Rxb5
37.Nxb5 Rd1 38.g3 Rb1 39.b4 Ra1 40.Ke4 Nxa3 41.Nxa3 Rxa3 42.Kd4 e6 43.c4 Ke7
44.Kc5 Ra6 45.Rd2 Rc6+ 46.Kb5 f6 47.c5 e5 48.fxe5 fxe5 49.Kc4 Ke6 50.b5 Rc7
51.Rd6+ Kf5 52.Kd5 g5 53.c6 bxc6+ 54.bxc6 Rc8 55.Rd7 e4 56.Re7 Rd8+ 57.Kc5 h4
58.c7 Rc8 59.gxh4 gxh4 60.Kd6 Kf4 61.Kd7 Ra8 62.Re8 Ra7 63.Kd6 Rxc7 64.Kxc7 e3
65.Kd6 Kf3 66.Ke5  1-0

[Event "FRA-chT"]
[Site "FRA"]
[Date "1998.05.10"]
[Round "10"]
[White "Hauchard, Arnaud"]
[Black "Sokolov, Andrei"]
[Result "1/2-1/2"]
[WhiteElo "2480"]
[BlackElo "2580"]

1.d4 Nf6 2.Bg5 Ne4 3.Bf4 d5 4.e3 e6 5.Bd3 b6 6.Bxe4 dxe4 7.Nc3 Bb7 8.Qg4 Qd7
9.O-O-O Na6 10.Nge2 O-O-O 11.h4 Nb4 12.h5 Nd5 13.Nxd5 exd5  1/2-1/2

[Event "Toronto op"]
[Site "Toronto"]
[Date "1998.05.17"]
[Round "6"]
[White "Davies, Nigel R"]
[Black "Rajlich, Vasik G"]
[Result "1-0"]
[WhiteElo "2515"]
[BlackElo "2265"]

1.d4 Nf6 2.Bg5 Ne4 3.Bf4 c5 4.f3 Qa5+ 5.c3 Nf6 6.d5 Qb6 7.Bc1 e6 8.c4 exd5
9.cxd5 c4 10.e3 Bc5 11.Kf2 O-O 12.Bxc4 Re8 13.Qb3 Na6 14.Ne2 Qxb3 15.Bxb3 Nb4
16.Rd1 d6 17.a3 Na6 18.Nbc3 Bd7 19.Ba4 Re5 20.Bxd7 Nxd7 21.b4 Bb6 22.Na4 Nc7
23.Nxb6 Nxb6 24.e4 Nc4 25.Bf4 Ree8 26.Rac1 b5 27.Bxd6 Nxd6 28.Rxc7 a5 29.Nd4 axb4
30.axb4 Ra2+ 31.Kg3 f5 32.Rd7 f4+ 33.Kxf4 Nc4 34.g4 Rg2 35.Ne6 g6 36.Ra1 h6
37.Raa7 g5+ 38.Kf5 Ne3+ 39.Kg6  1-0

[Event "Capablanca mem 33th Premier"]
[Site "Havana"]
[Date "1998.05.20"]
[Round "12"]
[White "Bellon Lopez, Juan Manuel"]
[Black "Herrera, Irisberto"]
[Result "1-0"]
[WhiteElo "2455"]
[BlackElo "2445"]

1.d4 Nf6 2.Bg5 Ne4 3.Bh4 d5 4.f3 Nd6 5.Nc3 Nf5 6.Bf2 c5 7.dxc5 d4 8.e4 dxc3
9.Qxd8+ Kxd8 10.O-O-O+ Ke8 11.exf5 cxb2+ 12.Kxb2 Bxf5 13.Ne2 Nc6 14.Nc3 g6
15.Nd5 Bg7+ 16.c3 Kf8 17.g4 Bc8 18.Bb5 e6 19.Nc7 Rb8 20.Bg3 Be5 21.Rd8+ Kg7
22.Ne8+ Kf8 23.Nd6+ Ke7 24.Bh4+  1-0

[Event "BCF-chT 97/98 (4NCL)"]
[Site "GBR"]
[Date "1998.05.23"]
[Round "9"]
[White "Ashby, Ann Marie"]
[Black "Ilecki, Wojciech"]
[Result "0-1"]
[WhiteElo "2115"]
[BlackElo "2170"]

1.d4 Nf6 2.Bg5 Ne4 3.Bf4 c5 4.f3 Nf6 5.d5 e6 6.e4 exd5 7.exd5 Nh5 8.Be3 Bd6
9.Nc3 O-O 10.Ne4 Be5 11.c3 Re8 12.Ne2 b6 13.Qd2 f5 14.N4g3 f4 15.Nxh5 fxe3
16.Qc2 Qh4+ 17.Nhg3 Ba6 18.O-O-O d6 19.Kb1 Nd7 20.Nf5 Qg5 21.h4 Qf6 22.Nxe3 Qf7
23.Nf5 Bc4 24.Ne3 Ba6 25.Ng4 Bc4 26.Ne3 Ba6 27.Qf5 Qxf5+ 28.Nxf5 g6 29.Nh6+ Kg7
30.Ng4 Bxe2 31.Bxe2 Bxc3 32.Bb5 Bd4 33.Bxd7 Re2 34.b3 h5 35.Nh2 Rxg2 36.Nf1 Rb2+
37.Kc1 Rxa2 38.Nd2 a6 39.Rde1 b5 40.Re6 Rd8 41.Be8 c4 42.bxc4 bxc4 43.Nxc4 Bf6
44.Rhe1 Rb8 45.Rd1 Bxh4 46.Bxg6 Bg5+ 47.Nd2 Ra1+ 48.Kc2 Rc8+ 49.Kb2 Rxd1
50.Ne4 Rxd5 51.Nxd6 Bf6+  0-1

[Event "BCF-chT 97/98 (4NCL)"]
[Site "GBR"]
[Date "1998.05.23"]
[Round "9"]
[White "Kinsman, Andrew PH"]
[Black "Littlewood, John Eric"]
[Result "1-0"]
[WhiteElo "2430"]
[BlackElo "2290"]

1.d4 Nf6 2.Bg5 Ne4 3.Bf4 c5 4.f3 Qa5+ 5.c3 Nf6 6.d5 Qb6 7.Bc1 g6 8.e4 d6
9.a4 Bg7 10.Na3 O-O 11.Nc4 Qc7 12.Ne2 Nbd7 13.Ng3 Nb6 14.Be3 h5 15.Be2 Ne8
16.O-O e6 17.Qd2 h4 18.Nh1 exd5 19.exd5 Bd7 20.Nxb6 axb6 21.b3 Nf6 22.Nf2 Rae8
23.Bc4 Re5 24.Bg5 h3 25.g4 Nh7 26.Bf4 Re7 27.Nxh3 f5 28.g5 Be8 29.Rae1 Bf7
30.Rxe7 Qxe7 31.Re1 Qd8 32.Bb5 Kh8 33.Nf2 Be5 34.h4 Bxd5 35.Bxe5+ dxe5 36.Rd1 Qe7
37.Qxd5 Nxg5 38.hxg5 Qxg5+ 39.Kf1 Qg3 40.Qd6  1-0

[Event "Garcia mem Premier"]
[Site "Santa Clara"]
[Date "1998.06.06"]
[Round "11"]
[White "Bellon Lopez, Juan Manuel"]
[Black "Martin del Campo, Roberto"]
[Result "1-0"]
[WhiteElo "2455"]
[BlackElo "2485"]

1.d4 Nf6 2.Bg5 Ne4 3.Bh4 c5 4.f3 g5 5.fxe4 gxh4 6.e3 Qb6 7.Nc3 Bg7 8.Nd5 Qd6
9.Qg4 Kf8 10.Nf3 e6 11.Qxh4 Nc6 12.e5 Qb8 13.Nf6 d6 14.Bb5 dxe5 15.Bxc6 bxc6
16.Nxe5 Qb4+ 17.c3 Qxb2 18.O-O Qxc3 19.Nd5 Bf6 20.Qxf6  1-0

[Event "Budapest FS06 GM"]
[Site "Budapest"]
[Date "1998.06.07"]
[Round "2"]
[White "Turzo, Attila"]
[Black "Hatanbaatar, Bazar"]
[Result "1-0"]
[WhiteElo "2415"]
[BlackElo "2445"]

1.d4 Nf6 2.Bg5 Ne4 3.Bf4 d5 4.e3 c5 5.Bd3 Qb6 6.Bxe4 dxe4 7.Nc3 Qxb2 8.Nge2 cxd4
9.Rb1 Qa3 10.Qxd4 Nc6 11.Qxe4 f5 12.Qd5 e6 13.Qd2 e5 14.Nb5 Qe7 15.Bg5 Qf7
16.Nec3 Be6 17.Nd6+ Bxd6 18.Qxd6 h6 19.Nb5 Qd7 20.Qa3 b6 21.Rd1 Nd4 22.Nd6+ Kf8
23.exd4 hxg5 24.d5 Bf7 25.Nc8+ Kg8 26.Ne7+ Kf8 27.Nc8+ Kg8 28.Nxb6 axb6 29.Qxa8+ Kh7
30.Qa6 Qd6 31.O-O e4 32.Rb1 Qxd5 33.Qxb6 Qxa2 34.Qe3 Kg6 35.Rb6+ Be6 36.Qb3 Qxb3
37.cxb3 Kf7 38.Rc1 Rd8 39.h3 Rd7 40.b4 f4 41.Rbc6 Rd4 42.Rb1 Ba2 43.Rb2 Bd5
44.Rc1 e3 45.fxe3 fxe3 46.b5 Bc4 47.b6 e2 48.Re1 Rd8 49.Kf2 g4 50.hxg4 Rb8
51.Rexe2 Bxe2 52.Kxe2 Ke6 53.b7 Kd5 54.Kd3 g6 55.Rb1 Kc6 56.Ke4 Kc7 57.Ke5 Re8+
58.Kf6 Rf8+ 59.Kxg6 Rg8+ 60.Kf5  1-0

[Event "Stockholm"]
[Site "Stockholm"]
[Date "1998.06.11"]
[Round "6"]
[White "Eriksson, Johan"]
[Black "Malmstig, Erik"]
[Result "1-0"]
[WhiteElo "2380"]
[BlackElo "2305"]

1.d4 Nf6 2.Bg5 Ne4 3.Bh4 c5 4.f3 Qa5+ 5.c3 g5 6.fxe4 gxh4 7.e3 Bh6 8.Nd2 cxd4
9.Nc4 Qg5 10.Nf3 Qg4 11.Qxd4 Bg7 12.e5 h5 13.O-O-O d6 14.Qd5 Nc6 15.exd6 Be6
16.Qc5 O-O-O 17.Nd4 exd6 18.Nxd6+ Rxd6 19.Qxd6 Rd8 20.Qf4 Qxf4 21.exf4 Nxd4
22.cxd4 Bxa2 23.g3 Bxd4 24.Bh3+ Kc7 25.Rhe1 Bb3 26.Rd2 hxg3 27.hxg3 b5 28.Bf5 a5
29.Kb1 Kb6 30.Bc2 Bc4 31.Rh1 a4 32.Rxh5 Rd6 33.g4 Ka5 34.Bd3 Kb4 35.Bxc4 Kxc4
36.Rh1 Kb4 37.Rhd1 Kc4 38.Rc2+ Kb4 39.Rd3 Bc5 40.Rxd6 Bxd6 41.Rc6 Bc5 42.Kc2 Bd4
43.Rc7 f6 44.g5  1-0

[Event "Bozen op"]
[Site "Bozen"]
[Date "1998.06.18"]
[Round "7"]
[White "Zlochevskij, Alexander"]
[Black "Horvath, Tamas"]
[Result "1-0"]
[WhiteElo "2500"]
[BlackElo "2500"]

1.d4 Nf6 2.Bg5 Ne4 3.Bh4 c5 4.f3 g5 5.fxe4 gxh4 6.e3 Bh6 7.Bc4 Qb6 8.Nc3 Nc6
9.Nge2 Bxe3 10.Nd5 Qa5+ 11.b4 Nxb4 12.Nxe3 cxd4 13.O-O dxe3 14.Bxf7+ Kd8
15.Qd4 Rf8 16.Qg7 Rxf7 17.Rxf7 Nc6 18.Nc3 e6 19.Qf6+ Kc7 20.Qf4+ Qe5 21.Qxe5+ Nxe5
22.Rxh7 b6 23.Rxh4 Ba6 24.Rh3 Nc4 25.Re1 Rf8 26.Rf3 Rg8 27.Rf4 Rg5 28.Nd1 Ra5
29.Nxe3 Rxa2 30.h4 Kd6 31.h5 Nxe3 32.Rxe3 Rxc2 33.h6 Rc8 34.h7 Rh8 35.Rf7 Bb7
36.g4 Kc7  1-0

[Event "Copenhagen op"]
[Site "Copenhagen"]
[Date "1998.06.22"]
[Round "2"]
[White "Schneider, Stefan"]
[Black "Lonborg, Morten"]
[Result "1-0"]
[WhiteElo "2305"]
[BlackElo "2195"]

1.d4 Nf6 2.Bg5 Ne4 3.Bf4 c5 4.e3 cxd4 5.exd4 d5 6.Nd2 Nxd2 7.Qxd2 Nc6 8.Nf3 Bf5
9.Be2 e6 10.O-O Bd6 11.c3 O-O 12.Bxd6 Qxd6 13.Nh4 Bg6 14.Nxg6 hxg6 15.f4 Rab8
16.a4 a6 17.a5 Qc7 18.b4 Rbc8 19.Bd3 Na7 20.Rac1 Rfd8 21.Qe2 Rd6 22.h4 Rc6
23.h5 gxh5 24.Qxh5 g6 25.Qh6 Rxc3 26.Bxg6 Rxc1 27.Bh7+ Kh8 28.Bc2+ Kg8 29.Bh7+ Kh8
30.Bc2+ Kg8 31.Rxc1 Qd7 32.Bh7+ Kh8 33.Re1 Qe8 34.Bd3+ Kg8 35.Re3  1-0

[Event "White Nights op"]
[Site "St Petersburg"]
[Date "1998.06.22"]
[Round "3"]
[White "Sotsky, Alexander"]
[Black "Nikolaev, Vadim S"]
[Result "1-0"]
[WhiteElo "2425"]
[BlackElo "2280"]

1.d4 Nf6 2.Bg5 Ne4 3.Bh4 d5 4.e3 c6 5.Nd2 Nd6 6.Bd3 g6 7.f4 Bg7 8.Ngf3 Nd7
9.O-O Nf6 10.c4 dxc4 11.Nxc4 Nd5 12.Qb3 O-O 13.Rae1 Qc7 14.Kh1 Nxc4 15.Bxc4 e6
16.Ne5 Qd6 17.a3 b6 18.Bg3 f6 19.Nf3 Qd7 20.e4 b5 21.Be2 Nb6 22.f5 Qf7 23.fxg6 Qxg6
24.Bd3 Qh5 25.Rc1 Bd7 26.Bd6 Rfc8 27.Rc5 Qe8 28.e5 f5 29.Bxf5 Nc4 30.Bb1 Qh5
31.Bd3 Nb6 32.Rcc1 Nd5 33.Rce1 Nf4 34.Bb1 Kh8 35.Re4 Ng6 36.Qd3 c5 37.dxc5 Bc6
38.Rd4 Rg8 39.Qe2 Bh6 40.Bxg6 Qxg6 41.Be7 Bd5 42.Nh4 Qe8 43.Bf6+ Bg7 44.Rf2 a6
45.Rg4 Bxf6 46.Rxg8+ Qxg8 47.exf6 Qf7 48.Qe5 Rg8 49.h3 h6 50.Qd6 Rc8 51.Qe7 Kg8
52.Qd6 Rc6 53.Qd8+ Kh7 54.Qe7 e5 55.b4 e4 56.Qe5 Kg8 57.Ng6  1-0

[Event "White Nights op"]
[Site "St Petersburg"]
[Date "1998.06.22"]
[Round "3"]
[White "Terekhov, Andrey"]
[Black "Sivokho, Sergey"]
[Result "0-1"]
[WhiteElo "2300"]
[BlackElo "2425"]

1.d4 Nf6 2.Bg5 Ne4 3.Bf4 d5 4.Nd2 Bf5 5.e3 c5 6.Nxe4 Bxe4 7.c3 Nc6 8.f3 Bg6
9.Bd3 Bxd3 10.Qxd3 Qb6 11.Qd2 e6 12.Ne2 Be7 13.O-O O-O 14.Kh1 Rad8 15.Nc1 a5
16.Nd3 a4 17.Qc2 Ra8 18.dxc5 Bxc5 19.Nxc5 Qxc5 20.e4 Rfd8 21.Rfd1 h6 22.h3 dxe4
23.Qxe4 a3 24.Be3 Qb5 25.Rxd8+ Rxd8 26.bxa3 Rd7 27.Qc2 Qc4 28.Rd1 Rxd1+ 29.Qxd1 Qxc3
30.Qb3 Qxb3 31.axb3 Na5 32.b4 Nc4 33.Bc1 b5 34.g4 Kf8 35.Kg2 Ke7 36.Kf2 Kd6
37.Ke2 Kd5 38.Kd3 Ne5+ 39.Ke3 g6 40.f4 Nc4+ 41.Kd3 f5 42.gxf5 gxf5 43.Kc3 h5
44.Kd3 e5 45.fxe5 Nxe5+ 46.Kc3 Ke4 47.a4 bxa4 48.b5 f4 49.Ba3 Nd7 50.Bd6 f3
51.Bg3 Ke3 52.Kb4 f2 53.Bxf2+ Kxf2 54.Kxa4 Kg3  0-1

[Event "White Nights op"]
[Site "St Petersburg"]
[Date "1998.06.25"]
[Round "6"]
[White "Rusanov, Michail"]
[Black "Yemelin, Vasily"]
[Result "0-1"]
[WhiteElo "2410"]
[BlackElo "2485"]

1.d4 Nf6 2.Bg5 Ne4 3.Bf4 d5 4.f3 Nf6 5.Nc3 e6 6.Qd2 c5 7.e3 a6 8.Nge2 Nc6
9.g4 b5 10.Bg2 Be7 11.O-O b4 12.Nd1 a5 13.c3 Ba6 14.Re1 O-O 15.Ng3 a4 16.dxc5 Bxc5
17.Kh1 Nd7 18.e4 Nb6 19.Qc1 Rc8 20.Nh5 Kh8 21.e5 d4 22.Bg5 Be7 23.Bxe7 Qxe7
24.cxd4 Nxd4 25.Qe3 Qd8 26.Qf4 Nc2 27.Ne3 Nxe1 28.Rxe1 Qd2 29.Rg1 Nc4 30.b3 Qxe3  0-1

[Event "SVK-ch"]
[Site "Prievidza"]
[Date "1998.07.01"]
[Round "5.10"]
[White "Bombek, Peter"]
[Black "Gazik, Igor"]
[Result "1-0"]
[WhiteElo "2220"]
[BlackElo "2380"]

1.d4 Nf6 2.Bg5 Ne4 3.Bf4 d5 4.Nd2 Bf5 5.e3 c5 6.Nxe4 Bxe4 7.Bxb8 Qa5+ 8.Qd2 Qxd2+
9.Kxd2 Rxb8 10.f3 Bg6 11.dxc5 e5 12.Bb5+ Kd8 13.Rd1 Kc7 14.Kc3 Bxc5 15.Rxd5 Bxe3
16.Rxe5 Bf4 17.Re2 Kb6 18.Nh3 Rbc8+ 19.Bc4 Bd6 20.g3 f6 21.b3 Bf7 22.f4 Ka5
23.Rd1 Rhd8 24.a3 Bxc4 25.bxc4 Be5+ 26.Rxe5+ fxe5 27.Rb1 Rc5 28.Rxb7 Ka6
29.Re7 Rdc8 30.fxe5 Rxc4+ 31.Kd3 Rxc2 32.Rxg7 Rxh2 33.Nf4 Ra2 34.e6 Rxa3+
35.Ke4 Kb5 36.Nd5 Kc5 37.e7 Ra1 38.Nf6 Re1+ 39.Kd3 a5 40.Rxh7 a4  1-0

[Event "SVK-ch"]
[Site "Prievidza"]
[Date "1998.07.01"]
[Round "5.33"]
[White "Timoshchenko, Vera I"]
[Black "Korytko, Peter"]
[Result "0-1"]
[WhiteElo "2145"]
[BlackElo "2057"]

1.d4 Nf6 2.Bg5 Ne4 3.Bf4 d5 4.e3 c6 5.Nd2 Nxd2 6.Qxd2 Qb6 7.c3 Bf5 8.Nf3 h6
9.Ne5 Nd7 10.Bd3 Nxe5 11.Bxf5 Nc4 12.Qc2 e6 13.Bg4 Qxb2 14.Qxb2 Nxb2 15.O-O Na4
16.Rab1 b5 17.Rfc1 Ba3 18.Rc2 O-O 19.Bf3 Rac8 20.e4 a6 21.h3 Rfd8 22.Be3 Bd6
23.Kf1 Rd7 24.Ke2 Kf8 25.g4 Be7 26.Bg2 Nb6 27.Rh1 Nc4 28.Bc1 Nd6 29.e5 Nc4
30.f4 Ba3 31.Be3 Nxe3 32.Kxe3 c5 33.Kd3 cxd4 34.cxd4 Rxc2 35.Kxc2 Rc7+ 36.Kb3 Bc1
37.f5 Be3 38.fxe6 fxe6 39.a4 bxa4+ 40.Kxa4 Bxd4 41.Ka5 Bxe5 42.Kxa6 Rc2 43.Bf3 Ke7
44.Kb5 Kd6 45.h4 Rb2+ 46.Ka4 Ra2+ 47.Kb3 Rb2+ 48.Ka3 Rf2 49.Bd1 Rh2 50.Rxh2 Bxh2
51.Kb4 Bg3 52.h5 e5 53.Kc3 e4 54.Kd2 d4 55.Ba4 Kc5 56.Ke2 Bf4 57.Bd7 d3+
58.Ke1 e3 59.Bf5 Bg3+  0-1

[Event "Politiken Cup"]
[Site "Copenhagen"]
[Date "1998.07.04"]
[Round "1"]
[White "Nielsen, Henrik"]
[Black "Schandorff, Lars"]
[Result "0-1"]
[WhiteElo "2090"]
[BlackElo "2525"]

1.d4 Nf6 2.Bg5 Ne4 3.Bf4 c5 4.f3 Nf6 5.dxc5 Qa5+ 6.Nc3 Qxc5 7.e4 d6 8.Qd2 a6
9.Nge2 Nbd7 10.Nc1 e6 11.Nb3 Qc7 12.O-O-O Ne5 13.Be2 Be7 14.g4 b5 15.a3 O-O
16.h4 Rb8 17.h5 Nc4 18.Qe1 e5 19.Bd2 Be6 20.g5 Nd7 21.g6 Ndb6 22.Qg3 Nxd2
23.Nxd2 h6 24.gxf7+ Rxf7 25.Qg6 Rf6 26.Qg2 Rff8 27.Qg6 Bf7 28.Qg2 Bg5 29.Rdg1 Be6
30.Bd3 Nc4 31.Bxc4 bxc4 32.Kb1 Qb6 33.Nd1 c3 34.Nb3 Bxb3 35.cxb3 Qxb3 36.Qc2 Qxc2+
37.Kxc2 cxb2 38.Nxb2 Rxf3 39.Rg2 Rxa3 40.Rd1 Rc8+  0-1

[Event "San Francisco Mechanics"]
[Site "San Francisco"]
[Date "1998.07.16"]
[Round "7"]
[White "Hodgson, Julian M"]
[Black "Gurevich, Dmitry"]
[Result "1/2-1/2"]
[WhiteElo "2575"]
[BlackElo "2540"]

1.d4 Nf6 2.Bg5 Ne4 3.Bf4 c5 4.f3 Qa5+ 5.c3 Nf6 6.Nd2 cxd4 7.Nb3 Qb6 8.Qxd4 Qd8
9.Bxb8 Rxb8 10.Qxa7 Qc7 11.Qc5 Qd8 12.Qa7 Qc7 13.Qc5 Qd8  1/2-1/2

[Event "Smith & Williamson"]
[Site "Witley"]
[Date "1998.07.20"]
[Round "1"]
[White "Edmans, Alex"]
[Black "Levermore, Peter"]
[Result "1/2-1/2"]
[WhiteElo "1808"]
[BlackElo "2090"]

1.d4 Nf6 2.Bg5 Ne4 3.Bf4 d5 4.f3 Nf6 5.e4 e6 6.e5 Nfd7 7.Be3 c5 8.c3 Nc6
9.f4 Qb6 10.Qd2 Be7 11.Nf3 f6 12.Bd3 c4 13.Be2 Qc7 14.O-O O-O 15.Qc2 b5 16.Nbd2 a5
17.b3 Nb6 18.Rfb1 Bd7 19.Nf1 Rfc8 20.Bd2 Nd8 21.Ne3 Rab8 22.f5 b4 23.fxe6 Bxe6
24.bxc4 bxc3 25.Bxc3 Nxc4 26.Bxc4 dxc4 27.Rxb8 Rxb8 28.exf6 Bxf6 29.d5 Qc5
30.Bxf6 Qxe3+ 31.Kh1 Bxd5 32.Re1 Qc5 33.Ng5 Bxg2+ 34.Qxg2 Qc6 35.Qxc6 Nxc6
36.Bc3 h6 37.Ne6 g5 38.Nd4 Nxd4 39.Bxd4 Kf7 40.Re5 a4 41.Rc5 Rb1+ 42.Kg2 Rc1
43.Kg3 Rc2 44.a3 Ra2 45.Rxc4 Rxa3+ 46.Rc3 Ra2 47.Bc5 Ke6 48.Ra3 Rc2 49.Bf8 h5
50.Rxa4 Rc3+  1/2-1/2

[Event "Bad Homburg"]
[Site "Bad Homburg"]
[Date "1998.07.21"]
[Round "5"]
[White "Torre, Eugenio"]
[Black "Hort, Vlastimil"]
[Result "1/2-1/2"]
[WhiteElo "2560"]
[BlackElo "2510"]

1.d4 Nf6 2.Bg5 Ne4 3.Bf4 d5 4.e3 c6 5.Bd3 Nf6 6.c4 Be6 7.Nd2 dxc4 8.Nxc4 Bxc4
9.Bxc4 e6 10.Nf3 Bb4+ 11.Ke2 Bd6 12.Bxd6 Qxd6 13.Qb3 Nbd7 14.Rhd1 O-O 15.Kf1 a5
16.a3 Rfd8 17.Rac1 a4 18.Qc2 g6 19.e4 Qe7 20.e5 Nd5 21.Qe4 b5 22.Ba2 Rdc8
23.Nd2 N7b6 24.Rc5 Nd7 25.Rcc1 N7b6 26.Rc5 Nd7  1/2-1/2

[Event "Smith & Williamson"]
[Site "Witley"]
[Date "1998.07.21"]
[Round "4"]
[White "Bates, Ruth"]
[Black "Leech, Aiden M"]
[Result "0-1"]
[WhiteElo "2035"]
[BlackElo "2145"]

1.d4 Nf6 2.Bg5 Ne4 3.Bh4 c5 4.f3 g5 5.fxe4 gxh4 6.e3 Bh6 7.Kf2 Qb6 8.Nc3 e6
9.Na4 Qc6 10.Nxc5 b6 11.Nd3 Qxe4 12.Qf3 Bb7 13.Qxe4 Bxe4 14.Nf3 Nc6 15.c3 Ne7
16.Nxh4 Nd5 17.Re1 d6 18.Nf3 Rg8 19.Nf4 Nf6 20.h3 Ke7 21.Rg1 Rg7 22.g4 Rag8
23.Bg2 Bc6 24.Nd2 Bd7 25.Ne4 Ne8 26.Bf3 d5 27.Ng3 Bg5 28.Ng2 Kd8 29.h4 Be7
30.Nh5 Rg6 31.g5 h6 32.Ngf4 hxg5 33.Nxg6 fxg6 34.Ng3 gxh4 35.Ne2 Nf6 36.Nf4 g5
37.Nh5 g4 38.Nxf6 g3+ 39.Kg2 Bxf6 40.e4 e5 41.dxe5 h3+ 42.Kh1 Bxe5 43.exd5 Bd6
44.b4 Rf8  0-1

[Event "Smith & Williamson"]
[Site "Witley"]
[Date "1998.07.24"]
[Round "9"]
[White "Edmans, Alex"]
[Black "Jones, Stephen M"]
[Result "1/2-1/2"]
[WhiteElo "1808"]
[BlackElo "2040"]

1.d4 Nf6 2.Bg5 Ne4 3.Bf4 c5 4.f3 Nf6 5.dxc5 Na6 6.Nc3 Nxc5 7.e4 d6 8.Bc4 g6
9.Nge2 Bg7 10.Qd2 a6 11.e5 dxe5 12.Qxd8+ Kxd8 13.Bxe5 e6 14.O-O-O+ Ncd7 15.a4 Ne8
16.Bxg7 Nxg7 17.Ne4 Ke7 18.Rd2 b5 19.Bb3 Rd8 20.Rhd1 Nf5 21.Nd4 Nxd4 22.Rxd4 Bb7
23.Ng5 Bc6 24.Ne4 Rab8  1/2-1/2

[Event "Saitek US Masters"]
[Site "Hawaii"]
[Date "1998.07.25"]
[Round "5"]
[White "Rogers, Ian"]
[Black "Saidy, Anthony Fred"]
[Result "1-0"]
[WhiteElo "2605"]
[BlackElo "2380"]

1.d4 Nf6 2.Bg5 Ne4 3.Bf4 c5 4.f3 Qa5+ 5.c3 Nf6 6.Nd2 cxd4 7.Nb3 Qb6 8.Qxd4 Qxd4
9.cxd4 e6 10.e4 b6 11.Rc1 Nc6 12.Bb5 Bb7 13.Ne2 Rc8 14.O-O Be7 15.a3 O-O
16.Rc2 a6 17.Bd3 Na7 18.Bc7 Bd8 19.Rfc1 Ne8 20.Bxd8 Rxd8 21.Nc3 Rc8 22.Kf2 f6
23.Ke3 Kf7 24.g4 Ke7 25.h4 Kd8 26.Nd2 Rb8 27.f4 Nc8 28.Na4 Rh8 29.h5 Ra8
30.Nc4 b5 31.Na5 Bc6 32.Nc5 Ke7 33.Nxe6 Kxe6 34.d5+ Ke7 35.dxc6 d6 36.c7 Kd7
37.Nc6 g6 38.Nb8+ Ke6 39.h6 Rf8 40.Rc6  1-0

[Event "Saitek US Masters"]
[Site "Hawaii"]
[Date "1998.07.25"]
[Round "5"]
[White "Hodgson, Julian M"]
[Black "Hummel, Patrick"]
[Result "1-0"]
[WhiteElo "2575"]
[BlackElo "2240"]

1.d4 Nf6 2.Bg5 Ne4 3.Bf4 c5 4.d5 e6 5.dxe6 fxe6 6.e3 Nc6 7.Bd3 Nf6 8.c4 d5
9.Nf3 Be7 10.O-O O-O 11.Nc3 b6 12.Re1 Bb7 13.Ng5 Qd7 14.Nxe6 Qxe6 15.cxd5 Qf7
16.dxc6 Bxc6 17.Qb3 Kh8 18.Qxf7 Rxf7 19.Bc4 Rff8 20.Red1 Rfd8 21.h3 a6 22.a4 Ne8
23.Nd5 Bxd5 24.Bxd5 Ra7 25.Be6 Nc7 26.Rxd8+ Bxd8 27.Bc4 Ne8 28.Rd1 Be7 29.Kf1 Nf6
30.Ke2 g6 31.Be5 Kg7 32.g4 Kf8 33.f4 Nd7 34.Bc3 Nb8 35.Kf3 Nc6 36.g5 Nb8
37.h4 Rb7 38.Be6 b5 39.h5 b4 40.Bh8 Nc6 41.h6 Ke8 42.Bg7 Bf8 43.Bd5 Rc7 44.Bxc6+ Rxc6
45.Bxf8 Kxf8 46.Rd8+ Ke7 47.Rh8 c4 48.Rxh7+ Kf8 49.Rb7  1-0

[Event "Bad Homburg"]
[Site "Bad Homburg"]
[Date "1998.07.26"]
[Round "9"]
[White "Torre, Eugenio"]
[Black "Svidler, Peter"]
[Result "1/2-1/2"]
[WhiteElo "2560"]
[BlackElo "2690"]

1.d4 Nf6 2.Bg5 Ne4 3.Bf4 c5 4.f3 Qa5+ 5.c3 Nf6 6.Nd2 cxd4 7.Nb3 Qb6 8.Qxd4 Nc6
9.Qxb6 axb6 10.Nd4 Ra5 11.Nb3 Ra8 12.Nd4 Ra5 13.b4 Ra4 14.Nb5 g6 15.e4 Bg7
16.Nc7+ Kf8 17.Bb5 Ra3 18.Ne2 Nh5 19.Bc1 Rxc3 20.Bb2 Rc2 21.Bxg7+ Kxg7 22.Nd5 e6
23.Ne3 Rb2 24.a3 d5 25.Nd1 Rxe2+ 26.Bxe2 Nd4 27.Ne3 Nf4 28.Bf1 dxe4 29.fxe4 e5
30.g3 Nfe6 31.O-O-O b5 32.Kb2 Bd7 33.Bh3 Bc6 34.Bxe6 Nxe6 35.Nd5 Nd4 36.Rhe1 h5
37.h4 Re8 38.Nc3 Re6 39.Rf1 f5 40.Rde1 Kf6 41.Re3 Ke7 42.Rfe1 fxe4 43.Nxe4 Bxe4
44.Rxe4 Kd6 45.Kc3 Kd5 46.Kd3 Nf5 47.Rc1 b6 48.Rc8 Nxg3 49.Rd8+ Kc6 50.Re1 e4+
51.Ke3 Nf5+ 52.Kf4 e3 53.Rc1+ Kb7 54.Rd7+ Kb8 55.Rd8+ Kb7 56.Rd7+ Kb8 57.Kg5 e2
58.Rd8+ Kb7 59.Rd7+ Kb8 60.Rd8+ Kb7  1/2-1/2